BSOP header

Rest as a theological metaphor in the Epistle to the Hebrews and the gospel of truth : (Record no. 29475)

MARC details
000 -LEADER
fixed length control field 01208nam a2200253 4500
008 - FIXED-LENGTH DATA ELEMENTS--GENERAL INFORMATION
fixed length control field 070622s1998 gau b 001 0 eng
020 ## - INTERNATIONAL STANDARD BOOK NUMBER
International Standard Book Number 0788505114 :USD33.70/Mrs. Mary Yu
090 ## - LOCALLY ASSIGNED LC-TYPE CALL NUMBER (OCLC); LOCAL CALL NUMBER (OCLC)
Classification number (OCLC) (R) ; Classification number, CALL (RLIN) (NR) BS511.2
Local cutter number (OCLC) ; Book number/undivided call number, CALL (RLIN) So1d
100 1# - MAIN ENTRY--PERSONAL NAME
Personal name Wray, Judith Hoch,
Dates associated with a name 1948-
245 10 - TITLE STATEMENT
Title Rest as a theological metaphor in the Epistle to the Hebrews and the gospel of truth :
Remainder of title early Christian homiletics of rest /
Statement of responsibility, etc Judith Hoch Wray.
260 ## - PUBLICATION, DISTRIBUTION, ETC. (IMPRINT)
Place of publication, distribution, etc Atlanta, Ga. :
Name of publisher, distributor, etc Scholars Press,
Date of publication, distribution, etc c1998.
300 ## - PHYSICAL DESCRIPTION
Extent xviii, 206 p. ;
Dimensions 23 cm.
440 ## - SERIES STATEMENT/ADDED ENTRY--TITLE
Title Dissertation series / Society of Biblical Literature ;
Number of part/section of a work 166
500 ## - GENERAL NOTE
General note Originally presented as the author's thesis (Ph. D.)--Union Theological Seminary, New York, 1997.
504 ## - BIBLIOGRAPHY, ETC. NOTE
Bibliography, etc Includes bibliographical references (p. 175-193) and index.
630 04 - SUBJECT ADDED ENTRY--UNIFORM TITLE
Uniform title Bible.
Name of part/section of a work N.T.
-- Hebrews
General subdivision Criticism, interpretation, etc.
630 04 - SUBJECT ADDED ENTRY--UNIFORM TITLE
Uniform title Gospel of truth
General subdivision Criticism, interpretation, etc.
650 #4 - SUBJECT ADDED ENTRY--TOPICAL TERM
Topical term or geographic name as entry element Preaching
General subdivision History
-- Early church, ca. 30-600.
650 #4 - SUBJECT ADDED ENTRY--TOPICAL TERM
Topical term or geographic name as entry element Rest in the Bible.
650 #4 - SUBJECT ADDED ENTRY--TOPICAL TERM
Topical term or geographic name as entry element Rest
General subdivision Religious aspects
-- Christianity
-- History of doctrines
Chronological subdivision Early church, ca. 30-600.
650 #4 - SUBJECT ADDED ENTRY--TOPICAL TERM
Topical term or geographic name as entry element Rest
General subdivision Religious aspects
-- Gnosticism
-- History of doctrines.
951 ## - EQUIVALENCE OR CROSS-REFERENCE-GEOGRAPHIC NAME/AREA NAME [OBSOLETE] [CAN/MARC only]
General subdivision 00035050
942 ## - ADDED ENTRY ELEMENTS (KOHA)
Source of classification or shelving scheme Library of Congress Classification
Holdings
Withdrawn status Lost status Source of classification or shelving scheme Damaged status Not for loan Home library Current library Shelving location Date acquired Serial Enumeration / chronology Accession number Shelving control number Total Checkouts Full call number Barcode Date last seen Price effective from Koha item type
    Library of Congress Classification     BSOP Library BSOP Library GC 12/21/2000 CLXVI 30766 127   BS511.2 So1d 00035050 02/23/2013 02/23/2013 Books
BSOP

Biblical Seminary of the Philippines
  All rights Reserved
  © 2024

CONTACT INFORMATION

Biblical Seminary of the Philippines,
  77-B Karuhatan Road, Valenzuela City,
  PHILIPPINES 1441
  Phone: +632 8292-6795 / 8292-6798
  Fax : +632 8292-6675
  Email: library@bsop.edu.ph